000
00324nam a2200109Ia 4500
008
200302s9999 xx 000 0 und d
100
_a
Sixth Indira Gandhi Conference
245
_a
Post-Colonial World Interdependence and Identities
260
_b
New Age International Pvt. Ltd. Publishers
260
_c
1999
300
_a
533 P.,
999
_c
2549
_d
2549